Niue Villages (Map) - Statistics

General Stats
  • This quiz has been taken 563 times
    562 since last reset
  • The average score is 8 of 15
Answers on the Map
Answers color-coded by a green-red scale on the quiz's map according to % correct below.
 
Answer Stats
Village % Correct
Alofi North
82%
Alofi South
82%
Toi
58%
Hakupu
53%
Hakupu
53%
Vaiea
51%
Avatele
48%
Liku
45%
Tuapa
45%
Hikutavake
41%
Lakepa
41%
Tamakautoga
40%
Makefu
38%
Namukulu
38%
Mutalau
37%
No matching quizzes found
Score Distribution
Percent of People with Each Score
Percentile by Number Answered
Your Score History
You have not taken this quiz since the last reset